000 04628nas1a22007691i 4500
001 RU\NLR\INFOCOMM4\1000531792
005 20260407072402.0
011 _a0044-1856
035 _a(NLR Aleph) 002440071
090 _a2071008
_c2071008
100 _a20040319d19652008|||y0rusy50 ca
101 0 _arus
102 _aRU
110 _azgu||||0|y0
200 1 _aЗащита металлов
_fГос. ком. по координации науч.-исслед. работ СССР. Акад. наук. СССР. Гос. Ком. хим. пром. при Госплане СССР
207 1 _aТ.1- 44
210 _aМ.
_cНаука
_d1965 - 2008
311 _aПродолжается как: Физикохимия поверхности и защита материалов
440 0 _12001#$aФизикохимия поверхности и защита материалов
_tФизикохимия поверхности и защита материалов
712 0 2 _4570
_aАН СССР
_9272478
_3RU\NLR\AUTH\881046
712 0 2 _4570
_aРоссийская академия наук
_9272489
_3RU\NLR\AUTH\881057
801 2 _aRU
_bNLR
_c20080327
_2rusmarc
801 1 _aRU
_bInfoComm
_c20040319
801 0 _aRU
_bNLR
_gPSBO
852 _aNLR
_jП11/2503
942 _cSE
980 _aRUSPER